000
00218 a2200097 4500
001
35916
100
_a
Olympia P L
245
_a
D Base Power:
260
_a
Hamilton
_b
Ashton Tate Publishers
_c
090
_c
23466
_d
23466
942
_a
NUST-CAE
_c
M
_c
14965
999
_c
270989
_d
270989